[Event "Omsk-ch"]
[Site "Omsk"]
[Date "2015.02.24"]
[Round "8"]
[White "Patrashov, Edisher"]
[Black "Vieru, Vadim"]
[Result "0-1"]
[WhiteElo "1756"]
[BlackElo "1803"]
[PlyCount "46"]
[EventDate "2015.02.16"]
[EventType "swiss"]
[EventRounds "9"]
[EventCountry "RUS"]
[SourceTitle "CBM 165 Extra"]
[Source "ChessBase"]
[SourceDate "2015.04.21"]
[SourceVersion "1"]
[SourceVersionDate "2015.04.21"]
[SourceQuality "1"]

1. d4 Nf6 2. Nf3 g6 3. g3 Bg7 4. Bg2 0-0 5. 0-0 d5 6. b3 Ne4 7. Bb2 c6 8. Nbd2 f5 9. Ne1 b6 10. f3 Nd6 11. Nd3 Nd7 12. e4 fxe4 13. fxe4 Ba6 14. Rxf8+ Qxf8 15. exd5 c5 16. dxc5 Bxd3 17. Bxg7 Qxg7 18. cxd3 Nxc5 19. Rb1 Qd4+ 20. Kh1 Nxd3 21. Nf3 Nf2+ 22. Kg1 Qxd1+ 23. Rxd1 Nxd1 0-1

[Event "Omsk-ch"]
[Site "Omsk"]
[Date "2015.02.18"]
[Round "3"]
[White "Petrenko, Mikhail"]
[Black "Vieru, Vadim"]
[Result "1/2-1/2"]
[WhiteElo "1821"]
[BlackElo "1803"]
[PlyCount "46"]
[EventDate "2015.02.16"]
[EventType "swiss"]
[EventRounds "9"]
[EventCountry "RUS"]
[SourceTitle "CBM 165 Extra"]
[Source "ChessBase"]
[SourceDate "2015.04.21"]
[SourceVersion "1"]
[SourceVersionDate "2015.04.21"]
[SourceQuality "1"]

1. e4 e6 2. d4 d5 3. Nd2 c5 4. c3 Nc6 5. exd5 exd5 6. Ngf3 cxd4 7. cxd4 Nf6 8. Bd3 Bd6 9. 0-0 0-0 10. Nb3 h6 11. Bd2 Ne4 12. Qc2 f5 13. a3 g5 14. Bc3 Qc7 15. g3 Qg7 16. Ne1 Nxc3 17. bxc3 f4 18. Nd2 Bh3 19. Ng2 f3 20. Ne3 Bxf1 21. Kxf1 Nxd4 22. cxd4 Qxd4 23. Nb3 Qe5 1/2-1/2

[Event "Omsk-ch"]
[Site "Omsk"]
[Date "2015.02.17"]
[Round "2"]
[White "Vieru, Vadim"]
[Black "Bereziy, Petr"]
[Result "1-0"]
[WhiteElo "1803"]
[BlackElo "1727"]
[PlyCount "65"]
[EventDate "2015.02.16"]
[EventType "swiss"]
[EventRounds "9"]
[EventCountry "RUS"]
[SourceTitle "CBM 165 Extra"]
[Source "ChessBase"]
[SourceDate "2015.04.21"]
[SourceVersion "1"]
[SourceVersionDate "2015.04.21"]
[SourceQuality "1"]

1. e4 d6 2. d4 Nf6 3. Nc3 g6 4. Be2 Bg7 5. Nf3 0-0 6. 0-0 c6 7. h3 Na6 8. Be3 Nc7 9. Nd2 Re8 10. f4 e5 11. Nb3 exf4 12. Bxf4 Ne6 13. Be3 b5 14. a3 a6 15. Qd2 Nd7 16. Rad1 Bb7 17. Bf3 Qc7 18. Qf2 d5 19. e5 c5 20. Bxd5 Ndf8 21. Bxb7 Qxb7 22. Nxc5 Nxc5 23. dxc5 Bxe5 24. c6 Qc7 25. Nd5 Qxc6 26. Qxf7+ Kh8 27. Ne7 Qe6 28. Qxe6 Nxe6 29. Nd5 Bxb2 30. Rf7 Bxa3 31. Nf6 Re7 32. Rd7 Ra7 33. Rxa7 1-0

[Event "Omsk op 12"]
[Site "Omsk"]
[Date "2013.12.12"]
[Round "8"]
[White "Afonin, Gennadi"]
[Black "Vieru, Vadim"]
[Result "1-0"]
[WhiteElo "2017"]
[BlackElo "1793"]
[PlyCount "53"]
[EventDate "2013.12.01"]
[EventType "swiss"]
[EventRounds "9"]
[EventCountry "RUS"]
[SourceTitle "EXT 2016"]
[Source "ChessBase"]
[SourceDate "2015.10.08"]
[SourceVersion "1"]
[SourceVersionDate "2015.10.08"]
[SourceQuality "1"]

1. e4 e6 2. d4 d5 3. Nd2 Nf6 4. e5 Nfd7 5. Bd3 c5 6. c3 Qb6 7. Ne2 Nc6 8. Nf3 Be7 9. 0-0 h6 10. a3 g5 11. h3 Nf8 12. b4 cxd4 13. cxd4 Ng6 14. Be3 Bd7 15. Qc2 Rg8 16. Rfc1 Kd8 17. Qd2 Rc8 18. Nc3 a6 19. Na4 Qa7 20. Nc5 Nb8 21. Qe2 Bc6 22. a4 Bxc5 23. dxc5 Nf4 24. Qd2 Nxd3 25. Qxd3 Ke7 26. b5 Be8 27. c6 1-0

[Event "Omsk op"]
[Site "Omsk"]
[Date "2013.09.17"]
[Round "8"]
[White "Vieru, Vadim"]
[Black "Pozdniakov, Vladimir"]
[Result "0-1"]
[WhiteElo "1774"]
[BlackElo "2175"]
[PlyCount "64"]
[EventDate "2013.09.10"]
[EventType "swiss"]
[EventRounds "9"]
[EventCountry "RUS"]
[SourceTitle "CBM 156 Extra"]
[Source "ChessBase"]
[SourceDate "2013.10.22"]
[SourceVersion "1"]
[SourceVersionDate "2013.10.22"]
[SourceQuality "1"]

1. e4 c5 2. Nf3 e6 3. d4 cxd4 4. Nxd4 a6 5. Nc3 Qc7 6. Be2 Nf6 7. 0-0 d6 8. Be3 Nbd7 9. Nb3 b6 10. f4 Bb7 11. Bf3 e5 12. Qe2 Be7 13. Rad1 Rc8 14. Nd2 0-0 15. Rfe1 Qc4 16. Qd3 Rfe8 17. f5 h6 18. g3 Qxd3 19. cxd3 Nc5 20. Nc4 b5 21. Nb6 Rc7 22. Nbd5 Nxd5 23. Nxd5 Bxd5 24. exd5 Bg5 25. Bxg5 hxg5 26. Kf2 Rec8 27. Be4 Na4 28. Rd2 Rc2 29. Ree2 Rxd2 30. Rxd2 Rc5 31. b3 Nc3 32. g4 Nxd5 0-1

[Event "Omsk op"]
[Site "Omsk"]
[Date "2013.09.13"]
[Round "4"]
[White "Skokov, Boris"]
[Black "Vieru, Vadim"]
[Result "1/2-1/2"]
[WhiteElo "2042"]
[BlackElo "1774"]
[PlyCount "26"]
[EventDate "2013.09.10"]
[EventType "swiss"]
[EventRounds "9"]
[EventCountry "RUS"]
[SourceTitle "CBM 156 Extra"]
[Source "ChessBase"]
[SourceDate "2013.10.22"]
[SourceVersion "1"]
[SourceVersionDate "2013.10.22"]
[SourceQuality "1"]

1. e4 e5 2. Nf3 Nc6 3. Bb5 a6 4. Bxc6 bxc6 5. 0-0 d6 6. d4 exd4 7. Nxd4 Bb7 8. Re1 Be7 9. Nc3 Nf6 10. Nf5 0-0 11. Bg5 Qd7 12. Qf3 Rfe8 13. Rad1 Qe6 1/2-1/2

[Event "Omsk CC-ch sf"]
[Site "Omsk"]
[Date "2011.06.24"]
[Round "4"]
[White "Vieru, Vadim"]
[Black "Ratushny, Grigory"]
[Result "1-0"]
[WhiteElo "1749"]
[BlackElo "1949"]
[PlyCount "33"]
[EventDate "2011.06.20"]
[EventType "swiss"]
[EventRounds "11"]
[EventCountry "RUS"]
[SourceTitle "EXT 2023"]
[Source "ChessBase"]
[SourceDate "2022.10.05"]
[SourceVersion "1"]
[SourceVersionDate "2022.10.05"]
[SourceQuality "1"]

1. e4 e5 2. Nf3 Nc6 3. Bc4 Be7 4. d4 exd4 5. Nxd4 Ne5 6. Bb3 d6 7. 0-0 Nf6 8. Nc3 a6 9. Bf4 0-0 10. Qe2 b5 11. Bxe5 dxe5 12. Nc6 Qd6 13. Nd5 Bd8 14. Nxd8 Rxd8 15. Rad1 Bg4 16. Nxf6+ Qxf6 17. Qxg4 1-0

[Event "Berdsk Maestro op 16th"]
[Site "Berdsk"]
[Date "2010.07.14"]
[Round "7"]
[White "Kiryushkin, Alexander"]
[Black "Vieru, Vadim"]
[Result "1-0"]
[WhiteElo "2016"]
[BlackElo "1756"]
[PlyCount "35"]
[EventDate "2010.07.08"]
[EventType "swiss"]
[EventRounds "9"]
[EventCountry "RUS"]
[SourceTitle "EXT 2011"]
[Source "ChessBase"]
[SourceDate "2010.11.26"]
[SourceVersion "1"]
[SourceVersionDate "2010.11.26"]
[SourceQuality "1"]

1. e4 e6 2. Nf3 d5 3. Nc3 d4 4. Ne2 c5 5. c3 Nc6 6. cxd4 cxd4 7. Qa4 Bc5 8. b4 d3 9. bxc5 dxe2 10. Bxe2 Qf6 11. d4 Bd7 12. 0-0 Nge7 13. Bg5 Qg6 14. Bxe7 Nxe7 15. Bb5 Nc6 16. d5 exd5 17. exd5 Bh3 18. Nh4 1-0

[Event "Berdsk Maestro op 16th"]
[Site "Berdsk"]
[Date "2010.07.12"]
[Round "5"]
[White "Loginova, Lubov"]
[Black "Vieru, Vadim"]
[Result "1/2-1/2"]
[WhiteElo "1809"]
[BlackElo "1756"]
[PlyCount "66"]
[EventDate "2010.07.08"]
[EventType "swiss"]
[EventRounds "9"]
[EventCountry "RUS"]
[SourceTitle "EXT 2011"]
[Source "ChessBase"]
[SourceDate "2010.11.26"]
[SourceVersion "1"]
[SourceVersionDate "2010.11.26"]
[SourceQuality "1"]

1. d4 Nf6 2. c4 g6 3. Nc3 Bg7 4. e4 0-0 5. Nf3 d6 6. Be2 Nbd7 7. 0-0 e5 8. d5 Nc5 9. Nd2 a5 10. b3 Ne8 11. Bg4 f5 12. exf5 gxf5 13. Bh5 e4 14. Qc2 Qf6 15. Bb2 Nd3 16. Ndb1 Qg5 17. Be2 Nf4 18. g3 Nh3+ 19. Kg2 h5 20. f4 exf3+ 21. Rxf3 f4 22. Ne4 Qe7 23. Bxg7 Qxg7 24. Qc3 Bg4 25. Qxg7+ Kxg7 26. Nbd2 Nf6 27. Rc3 Nxe4 28. Nxe4 Rae8 29. Bf3 Bxf3+ 30. Kxf3 fxg3+ 31. Kxg3 Rxe4 32. Kxh3 Rff4 33. Rg3+ Kf6 1/2-1/2

[Event "Omsk RT op"]
[Site "Omsk"]
[Date "2009.??.??"]
[Round "9"]
[White "Lev, Nikolay"]
[Black "Vieru, Vadim"]
[Result "0-1"]
[WhiteElo "1846"]
[BlackElo "1762"]
[PlyCount "34"]
[EventDate "2009.??.??"]
[EventType "swiss"]
[EventRounds "9"]
[EventCountry "RUS"]
[SourceTitle "EXT 2011"]
[Source "ChessBase"]
[SourceDate "2010.11.26"]
[SourceVersion "1"]
[SourceVersionDate "2010.11.26"]
[SourceQuality "1"]

1. e4 e6 2. Nf3 d5 3. e5 c5 4. c3 Nc6 5. Bb5 Qb6 6. Ba4 Nge7 7. 0-0 Ng6 8. d4 Be7 9. Nbd2 Bd7 10. Nb3 Rd8 11. Be3 c4 12. Nc5 Bxc5 13. dxc5 Qc7 14. Bxc6 Bxc6 15. Qd4 Rc8 16. a4 0-0 17. a5 Ne7 0-1

[Event "Omsk RT op"]
[Site "Omsk"]
[Date "2009.??.??"]
[Round "1"]
[White "Skokov, Boris"]
[Black "Vieru, Vadim"]
[Result "1-0"]
[WhiteElo "2103"]
[BlackElo "1762"]
[PlyCount "99"]
[EventDate "2009.??.??"]
[EventType "swiss"]
[EventRounds "9"]
[EventCountry "RUS"]
[SourceTitle "EXT 2011"]
[Source "ChessBase"]
[SourceDate "2010.11.26"]
[SourceVersion "1"]
[SourceVersionDate "2010.11.26"]
[SourceQuality "1"]

1. e4 e6 2. d4 d5 3. Nc3 Bb4 4. e5 c5 5. a3 Ba5 6. b4 cxb4 7. Nb5 Bc7 8. Qg4 Kf8 9. axb4 Nc6 10. Nf3 a6 11. Bd2 Rb8 12. Nxc7 Qxc7 13. Bd3 f5 14. exf6 Nxf6 15. Qh4 e5 16. dxe5 Nxe5 17. 0-0 Nxf3+ 18. gxf3 Qd7 19. Bg5 Qf7 20. Qf4 Ra8 21. Rfe1 Bh3 22. Qd6+ Kg8 23. Re7 Qf8 24. Bxf6 Qxf6 25. Qxd5+ Kf8 26. Rae1 Qxe7 27. Rxe7 Kxe7 28. Qxb7+ Kf6 29. Bc4 Rhf8 30. Qc6+ Ke7 31. Qe4+ Kd7 32. Qd4+ Ke8 33. Qe5+ Kd8 34. Qd6+ Ke8 35. Bxa6 Rd8 36. Bb5+ Kf7 37. Bc4+ Ke8 38. Qe5+ Kd7 39. Qxg7+ Ke8 40. Qe5+ Kd7 41. Bb5+ Kc8 42. Ba6+ Kd7 43. Qg7+ Ke8 44. Bb5+ Bd7 45. Qe5+ Kf7 46. Bc4+ Kg6 47. Qg3+ Kf6 48. Qh4+ Kg7 49. Qg5+ Kh8 50. Qe5+ 1-0

[Event "Omsk Half CC-ch"]
[Site "Omsk"]
[Date "2009.??.??"]
[Round "8"]
[White "Usatchev, Sergei"]
[Black "Vieru, Vadim"]
[Result "1-0"]
[WhiteElo "1855"]
[BlackElo "1762"]
[PlyCount "73"]
[EventDate "2009.??.??"]
[EventType "swiss"]
[EventRounds "9"]
[EventCountry "RUS"]
[SourceTitle "EXT 2011"]
[Source "ChessBase"]
[SourceDate "2010.11.26"]
[SourceVersion "1"]
[SourceVersionDate "2010.11.26"]
[SourceQuality "1"]

1. d4 Nf6 2. c4 g6 3. Nc3 Bg7 4. e4 d6 5. Bg5 Nbd7 6. f4 0-0 7. Nf3 Ne8 8. Bd3 f6 9. Bh4 e6 10. 0-0 c5 11. Bc2 a6 12. d5 Nb6 13. b3 Qc7 14. Qd2 f5 15. exf5 exf5 16. Rae1 Nf6 17. Ng5 h6 18. Ne6 Bxe6 19. Rxe6 Rae8 20. Rfe1 Nbd7 21. h3 Kf7 22. Kh2 Nb6 23. Qe2 Qd7 24. Bxf5 gxf5 25. Bxf6 Bxf6 26. Qh5+ Kg7 27. Rxe8 Rxe8 28. Rxe8 Bxc3 29. Re6 Bf6 30. Qxf5 Qd8 31. g4 Nc8 32. g5 hxg5 33. fxg5 Be5+ 34. Kg2 Ne7 35. Qe4 Qf8 36. h4 Qf5 37. Rxe7+ 1-0

[Event "Omsk RT op"]
[Site "Omsk"]
[Date "2009.??.??"]
[Round "3"]
[White "Vieru, Vadim"]
[Black "Nevorotov, Boris"]
[Result "1/2-1/2"]
[WhiteElo "1762"]
[BlackElo "1996"]
[PlyCount "47"]
[EventDate "2009.??.??"]
[EventType "swiss"]
[EventRounds "9"]
[EventCountry "RUS"]
[SourceTitle "EXT 2011"]
[Source "ChessBase"]
[SourceDate "2010.11.26"]
[SourceVersion "1"]
[SourceVersionDate "2010.11.26"]
[SourceQuality "1"]

1. e4 c5 2. Nf3 d6 3. d4 cxd4 4. Nxd4 Nf6 5. Nc3 a6 6. Be2 e5 7. Nf3 Qc7 8. Bg5 Be7 9. Bxf6 Bxf6 10. Nd5 Qd8 11. Nxf6+ Qxf6 12. Qd2 0-0 13. Rd1 Rd8 14. Qg5 Be6 15. Qxf6 gxf6 16. 0-0 Nc6 17. c4 f5 18. exf5 Bxf5 19. b3 f6 20. Rd2 Rd7 21. Rfd1 Rad8 22. h3 Be6 23. Kf1 Kg7 24. Ke1 1/2-1/2